Central Library OPAC University of Rajshahi

Olympism : (Record no. 16599)

MARC details
000 -LEADER
fixed length control field 01175nam a2200337 a 4500
001 - CONTROL NUMBER
control field 16599
003 - CONTROL NUMBER IDENTIFIER
rucl marc code BD-RjUL
005 - DATE AND TIME OF LATEST TRANSACTION
control field 20211209000029.0
008 - FIXED-LENGTH DATA ELEMENTS--GENERAL INFORMATION
fixed length control field 010423s2000 sz a b 0001 0 eng d
020 ## - INTERNATIONAL STANDARD BOOK NUMBER
International Standard Book Number 9291490660
International Standard Book Number 9291490660 (hc)
035 ## - SYSTEM CONTROL NUMBER
System control number (BD-RjUL)16654
040 ## - CATALOGING SOURCE
Original cataloging agency NWU
Language of cataloging eng
Transcribing agency NWU
Modifying agency NUN
-- ANL
-- BD-RjUL
041 0# - LANGUAGE CODE
Language code of text/sound track or separate title eng
Language code of original fre
082 00 - DEWEY DECIMAL CLASSIFICATION NUMBER
Classification number 796.4809
Author mark and year COO 2000
Edition number 21
100 1# - MAIN ENTRY--PERSONAL NAME
Personal name Coubertin, Pierre de,
Dates associated with a name 1863-1937.
9 (RLIN) 51274
245 10 - TITLE STATEMENT
Title Olympism :
Remainder of title selected writings /
Statement of responsibility, etc. Pierre de Coubertin ; editing director, Norbert Muller.
246 3# - VARYING FORM OF TITLE
Title proper/short title Selected writings
Title proper/short title Pierre de Coubertin, 1863-1937 :
Remainder of title Olympism, selected writings
260 ## - PUBLICATION, DISTRIBUTION, ETC. (IMPRINT)
Place of publication, distribution, etc. Lausanne, Switzerland :
Name of publisher, distributor, etc. International Olympic Committee,
Date of publication, distribution, etc. 2000.
300 ## - PHYSICAL DESCRIPTION
Pagination 862 p. :
Illustrations ill. ;
Size 25 cm.
500 ## - GENERAL NOTE
General note Preface by: Juan Antonio Samaranch.
504 ## - BIBLIOGRAPHY, ETC. NOTE
Bibliography, etc Includes bibliographical references and indexes.
600 10 - SUBJECT ADDED ENTRY--PERSONAL NAME
Personal name Coubertin, Pierre de,
Dates associated with a name 1863-1937.
650 #0 - SUBJECT ADDED ENTRY--TOPICAL TERM
Topical term or geographic name as entry element Olympics
General subdivision Philosophy.
9 (RLIN) 51276
700 10 - ADDED ENTRY--PERSONAL NAME
Personal name Muller, Norbert.
710 2# - ADDED ENTRY--CORPORATE NAME
Corporate name or jurisdiction name as entry element International Olympic Committee.
9 (RLIN) 51278
942 ## - ADDED ENTRY ELEMENTS (KOHA)
Source of classification or shelving scheme Dewey Decimal Classification
Koha item type Books
Holdings
Lost status Source of classification or shelving scheme Damaged status Not for loan Collection code Permanent Location Current Location Shelving location Date acquired Source of acquisition Total Checkouts Full call number Date last seen Copy number Koha item type
  Dewey Decimal Classification   Not For Loan Non-fiction Central Library, University of Rajshahi Central Library, University of Rajshahi Reading Room 10/12/2001 Intrnational Olympic Committee, Gift.   796.4809 COO 2000 15/02/2014 C-1 Books